| 000 | 00358nam a2200145Ia 4500 | ||
|---|---|---|---|
| 008 | 150201s2004 xx 000 0 und d | ||
| 082 |
_a618 _bC04P |
||
| 100 | _aPRASAD, SUDHA | ||
| 245 | _aCOMMON VIVA DISCUSSION IN OBSTETICS | ||
| 250 | _a1ST | ||
| 260 |
_bJAYPEE BROTHERS _aDELHI _c2004 |
||
| 300 | _a1-162 | ||
| 650 | _aOBST & GYNAECOLOGY | ||
| 942 |
_2ddc _cBK |
||
| 999 |
_c183 _d183 |
||